000 00698nam a2200241 i 4500
001 C2-0012511
003 PPAK
005 20190630221918.0
008 970201s1994 my a|||| ||||| | may d
020 _a9839736191
040 _aPPAK
_beng
_cPPAK
_erda
082 0 4 _a371.7756
_223
090 0 0 _a371.7756
_bABU
_dK
100 0 _aAbu Jantan,
_eauthor
245 1 0 _aKeselamatan dan penggunaan alat tangan di bilik bengkel
264 1 _aKuala Lumpur :
_bProgressive Pub. ,
_c1994
300 _a69 pages :
_billustrations ;
_c19 cm
336 _2rdacontent
_atext
337 _2rdamedia
_aunmediated
338 _2rdacarrier
_avolume
650 1 0 _aLaboratories - Safety appliances
942 _ddc
_cB
999 _c3160
_d3160